00615nam a2200229 a 4500001001300000003000900013005001700022008004100039020001000080082001300090100001500103245002000118260003500138300000900173500003500182505001000217700001500227902000800242942000700250952011300257999001500370nice12345678IN_TiNIC20260116011753.0050524s1931 hyda grp 000 0 urd  ac10000a940bGRA aGrant, A J aTarikh-E-Europe aHyderabadbJamia Osmaniac1931 a936p aincludes index and biblioraphy2 aIndex1 aGrant, A J bSRS cBK 001040708StackRoom-aHMIbHMId2007-04-02g100.00l0o940 GRAp09858r2007-04-02v100.00w2005-05-24yBK c3841d3841